S. E. el Jefe del Estado concede una audiencia a nuestra Diputación
Descripción Física:
Il·lustracions
Colección:
San Jorge,
; núm. 7 (juliol 1952), pàg 35-37
Materias:
Franco Bahamonde, Francisco, -- 1892-1975
; Barcelona (Catalunya : Província). -- Diputació
Idioma:
Español
MARC
| LEADER | 00000naa a2200000 a 4500 | ||
|---|---|---|---|
| 003 | Arxiu | ||
| 005 | 20260324181028.0 | ||
| 008 | 160829s1952 spcaxx s spa c | ||
| 040 | |a agdb | ||
| 245 | 0 | 0 | |a S. E. el Jefe del Estado concede una audiencia a nuestra Diputación |
| 246 | 3 | 3 | |a Su Excelencia el Jefe del Estado concede una audiencia a nuestra Diputación |
| 300 | |b Il·lustracions | ||
| 490 | |a San Jorge, |v núm. 7 (juliol 1952), pàg 35-37 | ||
| 600 | 1 | 0 | |a Franco Bahamonde, Francisco, |d 1892-1975 |9 54184 |
| 610 | 1 | 0 | |a Barcelona (Catalunya : Província). |b Diputació |9 52408 |
| 773 | |g Núm. 7 (juliol 1952), pàg 35-37 |t San Jorge. | ||
| 901 | |a Arxiu | ||
| 942 | |n 1 |2 udc |c ART | ||
| 952 | |0 0 |1 0 |4 0 |7 1 |9 64253 |a Arxiu |b Arxiu |d 2022-11-21 |o Rev-508 |r 2022-11-21 00:00:00 |w 2022-11-21 |y ARXIU |z També disponible a Rev-521 | ||
| 999 | |c 44871 |d 44871 | ||